Co-movement of tourism activity of V4 countries

Spoločné smerovanie turistických aktivít v krajinách V4. Prieskum bol robený na základe prenocovaní v turistických zariadeniach od januára 2003 do decembra 2015. Výsledky majú dopad na politiku cestovného ruchu.

Gespeichert in:
Bibliographische Detailangaben
1. Verfasser: Vašaničová, Petra
Weitere Verfasser: Litavcová, Eva, Lyócsa, Štefan, 1982-
Format: Buchkapitel
Sprache:Englisch
Schlagworte:
Tags: Tag hinzufügen
Keine Tags, Fügen Sie das erste Tag hinzu!

MARC

LEADER 00000nla a2200000 4500
001 0226131
005 20240502083604.9
041 0 |a eng 
044 |a CZ 
245 1 0 |a Co-movement of tourism activity of V4 countries  |c Petra Vašaničová, Eva Litavcová, Štefan Lyócsa 
520 |a Spoločné smerovanie turistických aktivít v krajinách V4. Prieskum bol robený na základe prenocovaní v turistických zariadeniach od januára 2003 do decembra 2015. Výsledky majú dopad na politiku cestovného ruchu. 
610 2 0 |a ruch cestovný 
610 2 0 |a ruch cestovný aktívny 
610 2 0 |a politika ruchu cestovného 
610 2 0 |a Vyšehradská štvorka 
610 2 0 |a SVE 
100 1 |a Vašaničová, Petra 
700 1 |a Litavcová, Eva 
700 1 |a Lyócsa, Štefan, 1982-